Statistiken für Alligatoah feat. Sido - Monet Lyrics

Klicken Sie hier um das Quiz zu spielen!

Allgemein

  • Dieses Quiz wurde 205 mal gespielt
  • Das Durchschnittsergebnis liegt bei 118 aus 182

Antwortstatistiken

Antwort% Korrekt
ich
99%
Ich
99%
Monet
99%
bin
97%
wie
97%
ein
96%
von
96%
Gemälde
95%
perfekt
92%
der
85%
bis
84%
Motherfucker
83%
zu
83%
krasser
81%
ist
80%
Ist
80%
Zum
79%
zum
79%
Zeh
78%
auch
77%
mit
76%
Ego
75%
'ne
75%
bisschen
73%
komplett
71%
leeren
71%
'nem
70%
okay
70%
Mähne
65%
Egoist
63%
Portemonnaie
63%
die
61%
Die
61%
mir
53%
nicht
52%
auf
48%
für
48%
Mal
48%
mal
48%
geb
47%
eins
46%
Eins
46%
In
45%
Schulter
45%
und
45%
klopf
44%
sie
44%
wieder
43%
Es
42%
meinem
42%
was
42%
Sultan
41%
an
40%
Beweis
40%
Guck
40%
jedes
40%
lebende
40%
Scheiß
40%
selber
40%
Frau
39%
kleinen
39%
24/7
38%
mich
38%
aber
37%
heißeste
37%
kein
37%
meiner
37%
nice
37%
Paradies
37%
hart
36%
acker
35%
geblieben
35%
Seite
35%
Eigenlob
34%
kann
34%
lieben
34%
Mann
34%
Miete
34%
weiß
34%
King
33%
Nummer
33%
stimmt
33%
gibt
32%
Life
32%
Likes
32%
tausend
31%
verbieten
31%
können
30%
zufrieden
30%
breit
29%
leid
29%
niemand
29%
Problem
29%
tue
29%
Tut
29%
Weit
29%
egal
23%
Dicka
19%

Verteilung der Resultate

Perzentil nach korrekt beantworteten Fragen

Anzahl Personen mit jedem Resultat

Ihre Resultats-Entwicklung

Sie haben dieses Quiz noch nicht gespielt